Deutsche Darts WM Teilnehmer 2025 - Statistiken

Allgemein
  • Dieses Quiz wurde 268 mal gespielt
  • Das Durchschnittsergebnis liegt bei 5 aus 6
Antwortstatistiken
Antwort % Korrekt
Martin Schindler
99%
Gabriel Clemens
95%
Florian Hempel
82%
Ricardo Pietreczko
82%
Niko Springer
80%
Kai Gotthardt
71%
Keine übereinstimmenden Quizze gefunden
Verteilung der Resultate
Anzahl Personen mit jedem Resultat
Perzentil nach korrekt beantworteten Fragen
Ihre Resultats-Entwicklung
Sie haben dieses Quiz noch nicht gespielt